|
|
|
|
| LEADER |
00000naa2a2200000 4500 |
| 001 |
221034 |
| 005 |
20260206164342.0 |
| 035 |
|
|
|a (RuTPU)RU\TPU\book\241176
|
| 035 |
|
|
|a RU\TPU\book\241100
|
| 090 |
|
|
|a 221034
|
| 100 |
|
|
|a 20120906d2012 k y0rusy50 ca
|
| 101 |
0 |
|
|a rus
|
| 102 |
|
|
|a RU
|
| 135 |
|
|
|a drnn ---uucaa
|
| 181 |
|
0 |
|a i
|
| 182 |
|
0 |
|a b
|
| 200 |
1 |
|
|a Лабораторный комплекс для исследования режимов работы ветро-дизельной энергетической установки
|f Д. Ю. Маров
|g науч. рук. И. А. Плотников
|
| 203 |
|
|
|a Текст
|c электронный
|
| 215 |
|
|
|a 1 файл (804 Кб)
|
| 225 |
1 |
|
|a Секция 1. Электроэнергетика
|
| 300 |
|
|
|a Заглавие с титульного листа
|
| 320 |
|
|
|a [Библиогр.: с. 72 (1 назв.)]
|
| 337 |
|
|
|a Adobe Reader
|
| 461 |
|
1 |
|0 (RuTPU)RU\TPU\book\240890
|t Современные техника и технологии
|o сборник трудов XVIII международной научно-практической конференции студентов, аспирантов и молодых ученых, Томск, 9-13 апреля 2012 г
|o в 3 т.
|f Национальный исследовательский Томский политехнический университет (ТПУ)
|d 2012
|
| 463 |
|
1 |
|0 (RuTPU)RU\TPU\book\240891
|t Т. 1
|v [С. 71-72]
|d 2012
|
| 610 |
1 |
|
|a труды учёных ТПУ
|
| 610 |
1 |
|
|a электронный ресурс
|
| 610 |
1 |
|
|a энергетические установки
|
| 610 |
1 |
|
|a ветро-дизельные энергетические комплексы
|
| 610 |
1 |
|
|a лабораторный контроль
|
| 610 |
1 |
|
|a генераторы
|
| 610 |
1 |
|
|a дизельные электростанции
|
| 610 |
1 |
|
|a электрические нагрузки
|
| 700 |
|
1 |
|a Маров
|b Д. Ю.
|c специалист в области машиностроения
|c инженер Томского политехнического университета
|f 1989-
|g Дмитрий Юрьевич
|3 (RuTPU)RU\TPU\pers\29876
|
| 702 |
|
1 |
|a Плотников
|b И. А.
|c специалист в области машиностроения
|c доцент Томского политехнического университета, кандидат технических наук
|f 1962-
|g Игорь Александрович
|4 727
|
| 801 |
|
2 |
|a RU
|b 63413507
|c 20130205
|g RCR
|
| 856 |
4 |
|
|u http://www.lib.tpu.ru/fulltext/v/Conferences/2012/C2/V1/v1_034.pdf
|
| 942 |
|
|
|c CF
|